000 00516nam a2200169 i 4500
001 133926
003 ES-MaACL
007 t|
008 070904s1974 sp ||||1| spa d
100 1 _aWallace, Irving.
_9115951
245 1 3 _aLa palabra /
_cIrving Wallace ; con un prólogo de James R. Fortson ; [traducido por James R. Fortson].
250 _a1ª ed.
260 _aBarcelona :
_bGrijalbo,
_c1974.
300 _a739 p. ;
_c20 cm.
700 1 _aFortson, James R.
_951873
852 _aES-MaACL
_jE-6132
_bR.90432
999 _c133926
_d133926